Statistics for 2023-24 NCAA FOOTBALL QB BY PICTURE

Click here to take the quiz!

General Stats

  • This quiz has been taken 89 times
    (27 since last reset)
  • The average score is 16 of 24

Answer Stats

Answer% Correct
J.J. McCarthy
100%
Caleb Williams
91%
Bo Nix
87%
Drake Maye
87%
Michael Penix Jr.
87%
Shedeur Sanders
87%
Jayden Daniels
83%
Jalen Milroe
74%
Jordan Travis
74%
Kyle McCord
74%
Quinn Ewers
74%
Spencer Rattler
70%
Taulia Tagovailoa
70%
Carson Beck
65%
Joe Milton III
65%
DJ Uiagalelei
61%
Sam Hartman
61%
Dillon Gabriel
52%
Drew Allar
48%
Jaxson Dart
48%
Brady Cook
35%
Cade Klubnik
35%
Cameron Ward
35%
Jack Plummer
26%

Score Distribution

Percentile by Number Answered

Percent of People with Each Score

Your Score History

You have not taken this quiz since the last reset